Law and its Administration in a one Party State (Record no. 2804)

000 -LEADER
fixed length control field 00515nam a22001937a 4500
003 - CONTROL NUMBER IDENTIFIER
control field OSt
005 - DATE AND TIME OF LATEST TRANSACTION
control field 20210726061344.0
008 - FIXED-LENGTH DATA ELEMENTS--GENERAL INFORMATION
fixed length control field 210721b ||||| |||| 00| 0 eng d
020 ## - INTERNATIONAL STANDARD BOOK NUMBER
International Standard Book Number -
040 ## - CATALOGING SOURCE
Transcribing agency ALUPE UNIVERSITY
050 ## - LIBRARY OF CONGRESS CALL NUMBER
Classification number K179
Item number .L3 1973
100 ## - MAIN ENTRY--PERSONAL NAME
Personal name -
245 ## - TITLE STATEMENT
Title Law and its Administration in a one Party State
260 ## - PUBLICATION, DISTRIBUTION, ETC.
Place of publication, distribution, etc. Nairobi
Name of publisher, distributor, etc. East African Literature Bureau
Date of publication, distribution, etc. 1973
300 ## - PHYSICAL DESCRIPTION
Extent vii, 144pgs
500 ## - GENERAL NOTE
General note incl indexes,
650 ## - SUBJECT ADDED ENTRY--TOPICAL TERM
Topical term or geographic name entry element Administration in a one party state
942 ## - ADDED ENTRY ELEMENTS (KOHA)
Source of classification or shelving scheme
Koha item type Book
Suppress in OPAC PW
Holdings
Withdrawn status Lost status Source of classification or shelving scheme Damaged status Not for loan Permanent Location Current Location Shelving location Date acquired Source of acquisition Total Checkouts Full call number Barcode Date last seen Price effective from Koha item type Public note
          AU LIBRARY AU LIBRARY Open Shelf 21.07.2021 DONATION FROM MOI UNIVERSITY   K179 .L3 1973 28001708 21.07.2021 21.07.2021 Book PW

Powered by Koha